Wszystkie miasta Polski na literę Ś - Statystyki

Ogólne statystyki
  • Ten quiz został rozwiązany 940 razy
  • Średni wynik to 12 z 17
Statystyki odpowiedzi
Województwo Populacja Miasto % Poprawnych
zachodniopomorskie 40948 Świnoujście
92%
dolnośląskie 56222 Świdnica
91%
lubelskie 38763 Świdnik
90%
wielkopolskie 29176 Śrem
89%
lubuskie 21550 Świebodzin
87%
wielkopolskie 23672 Środa Wielkopolska
86%
śląskie 49108 Świętochłowice
82%
dolnośląskie 9562 Środa Śląska
80%
kujawsko-pomorskie 25486 Świecie
78%
zachodniopomorskie 15338 Świdwin
70%
dolnośląskie 3995 Świeradów-Zdrój
66%
dolnośląskie 22642 Świebodzice
64%
dolnośląskie 5526 Ścinawa
54%
wielkopolskie 3124 Ślesin
47%
małopolskie 2441 Świątniki Górne
46%
wielkopolskie 5621 Śmigiel
44%
dolnośląskie 2234 Świerzawa
43%
Nie znaleziono quizów pasujących do podanych kryteriów
Rozkład punktacji
Procent ludzi z każdym wynikiem
Percentyl według liczby udzielonych odpowiedzi
Twoja historia wyników
Nie rozwiązałeś tego quizu